|
|
|
|
| LEADER |
01367ppm a22003258a 4500 |
| 001 |
00039952 |
| 005 |
20171026081025.0 |
| 008 |
170809s2017 ||||||viesd |
| 041 |
0 |
# |
|a vie
|
| 082 |
1 |
4 |
|b B452D
|a 510.7
|
| 100 |
1 |
# |
|a Lê, Hồng Dung
|
| 245 |
0 |
0 |
|b Luận văn thạc sĩ Khoa học giáo dục. Chuyên ngành: Lý luận và Phương pháp dạy học Bộ môn Toán. Mã số: 60140111
|c Lê Hồng Dung; Lê Xuân Trường (hướng dẫn)
|a Bồi dưỡng năng lực vận dụng kiến thức toán học vào thực tiễn cho học sinh trong dạy học toán học 8
|
| 260 |
# |
# |
|a Đồng Tháp
|b Đại học Đồng Tháp
|c 2017
|
| 300 |
# |
# |
|a 82 tr.+ phụ lục
|c 30cm.
|
| 500 |
# |
# |
|a ĐTTS ghi: Bộ giáo dục và đào tạo. Trường Đại học Đồng Tháp
|
| 653 |
# |
# |
|a Kiến thực
|
| 653 |
# |
# |
|a Dạy học
|
| 653 |
# |
# |
|a Luận văn
|
| 653 |
# |
# |
|a Áp dụng
|
| 653 |
# |
# |
|a Toán học
|
| 653 |
# |
# |
|a Lớp 8
|
| 700 |
1 |
# |
|a Lê, Xuân Trường
|e Hướng dẫn
|
| 852 |
# |
# |
|j LV.0001244
|j LV.0001670
|
| 852 |
# |
# |
|b Kho đọc SĐH
|j LV.0001244
|
| 852 |
# |
# |
|b Kho đọc SĐH
|
| 910 |
|
|
|d 09/08/2017
|
| 980 |
# |
# |
|a Trung tâm Học liệu Lê Vũ Hùng, Trường Đại học Đồng Tháp
|